[Event "Harkany Tenkes Cup 42nd"]
[Site "Harkany"]
[Date "2018.11.28"]
[Round "7"]
[White "Monda, Laszlo"]
[Black "Nemeth, Attila Janos"]
[Result "1-0"]
[WhiteElo "2072"]
[BlackElo "1996"]
[PlyCount "89"]
[EventDate "2018.11.23"]
[EventType "swiss"]
[EventRounds "9"]
[EventCountry "HUN"]
[SourceTitle "CBM 187 Extra"]
[Source "ChessBase"]
[SourceDate "2018.11.04"]
[SourceVersion "1"]
[SourceVersionDate "2018.11.04"]
[SourceQuality "1"]

1. c4 e5 2. g3 g6 3. Bg2 Bg7 4. Nc3 d6 5. Nf3 f5 6. d3 Nc6 7. Bg5 Nge7 8. Nh4 Bd7 9. Nd5 0-0 10. Qd2 Be6 11. Nxe7+ Nxe7 12. Bxb7 Rb8 13. Bg2 e4 14. Rb1 Qd7 15. 0-0 exd3 16. exd3 Nc6 17. Nf3 d5 18. b3 a5 19. Bf4 dxc4 20. dxc4 Rbd8 21. Qxd7 Rxd7 22. Ng5 Nd4 23. Rfe1 Re8 24. Bd5 Rxd5 25. cxd5 Bd7 26. Rxe8+ Bxe8 27. Bxc7 Ne2+ 28. Kg2 Nc3 29. Re1 Bf7 30. d6 Bd5+ 31. f3 Bc6 32. a4 Bf6 33. Bxa5 Nxa4 34. Nxh7 Kxh7 35. bxa4 Bxa4 36. Rc1 Be5 37. Rc4 Be8 38. Bc7 Bf6 39. Bb8 Kh6 40. h4 g5 41. hxg5+ Kxg5 42. Rc7 Ba4 43. Ra7 Bb3 44. d7 Be6 45. Bc7 1-0

[Event "Harkany Tenkes Cup 42nd"]
[Site "Harkany"]
[Date "2018.11.24"]
[Round "2"]
[White "Nemeth, Attila Janos"]
[Black "Turkalj, Zvonko"]
[Result "1-0"]
[WhiteElo "1996"]
[BlackElo "1870"]
[PlyCount "83"]
[EventDate "2018.11.23"]
[EventType "swiss"]
[EventRounds "9"]
[EventCountry "HUN"]
[SourceTitle "CBM 187 Extra"]
[Source "ChessBase"]
[SourceDate "2018.11.04"]
[SourceVersion "1"]
[SourceVersionDate "2018.11.04"]
[SourceQuality "1"]

1. d4 Nf6 2. c4 e6 3. Nc3 Bb4 4. Qb3 c5 5. dxc5 Nc6 6. Nf3 Ne4 7. e3 Nxc3 8. bxc3 Bxc5 9. Be2 b6 10. 0-0 0-0 11. Ba3 Qe7 12. Bb2 e5 13. Nd2 f5 14. Qa4 Qg5 15. Qd1 Bb7 16. Nf3 Qe7 17. Qc2 Na5 18. Rfd1 Be4 19. Qd2 Rad8 20. Qe1 f4 21. Bc1 Bxf3 22. Bxf3 e4 23. Bg4 Nxc4 24. Be2 fxe3 25. Bxc4+ d5 26. Bxd5+ Rxd5 27. Bxe3 Rfd8 28. Rxd5 Rxd5 29. Rd1 Rxd1 30. Qxd1 Bxe3 31. fxe3 Kf7 32. Qd4 Qe6 33. a4 a6 34. Kf2 Qf5+ 35. Ke1 Qg4 36. Qxb6 Qxg2 37. Qxa6 Qg1+ 38. Qf1+ Qxf1+ 39. Kxf1 Ke6 40. Kg2 Kd5 41. h4 Kc4 42. Kg3 1-0

[Event "Harkany Tenkes Cup 42nd"]
[Site "Harkany"]
[Date "2018.11.23"]
[Round "1"]
[White "Mrazek, Lumir"]
[Black "Nemeth, Attila Janos"]
[Result "1-0"]
[WhiteElo "2347"]
[BlackElo "1996"]
[PlyCount "96"]
[EventDate "2018.11.23"]
[EventType "swiss"]
[EventRounds "9"]
[EventCountry "HUN"]
[SourceTitle "CBM 187 Extra"]
[Source "ChessBase"]
[SourceDate "2018.11.04"]
[SourceVersion "1"]
[SourceVersionDate "2018.11.04"]
[SourceQuality "1"]

1. e4 g6 2. d4 Bg7 3. c4 d6 4. Nc3 Nc6 5. Be3 e5 6. d5 Nce7 7. c5 a6 8. cxd6 cxd6 9. Qb3 b5 10. a4 Qa5 11. Bd2 Bh6 12. Nf3 Bxd2+ 13. Nxd2 Bd7 14. Bd3 Nf6 15. 0-0 bxa4 16. Nc4 Qc7 17. Qa3 Nc8 18. Rfc1 Qb8 19. Nxa4 0-0 20. Rc3 Bb5 21. Rb3 Qc7 22. Rc1 Nd7 23. Rbc3 Qb8 24. Rb3 Qc7 25. Rbc3 Qb8 26. Na5 Bxa4 27. Qxa4 Nc5 28. Qa3 Ne7 29. Bc2 f5 30. exf5 gxf5 31. b4 Nd7 32. Nc6 Qe8 33. Ba4 Nb6 34. Nxe7+ Qxe7 35. Rc7 Qf6 36. Bc6 Rac8 37. Rxc8 Rxc8 38. Qxa6 Qd8 39. Qd3 Qg5 40. Ra1 Qf4 41. g3 Qxb4 42. Rb1 Qc5 43. Qa6 f4 44. Qxb6 Qc2 45. Ra1 fxg3 46. hxg3 Rf8 47. Qe3 Qg6 48. Ra8 h5 1-0

[Event "HUN-chT2 Asztalos 1819"]
[Site "Hungary"]
[Date "2018.11.18"]
[Round "2.1"]
[White "Papp, Tamas"]
[Black "Nemeth, Attila Janos"]
[Result "1-0"]
[WhiteElo "2275"]
[BlackElo "2001"]
[PlyCount "63"]
[EventDate "2018.10.28"]
[EventType "team-tourn"]
[EventRounds "9"]
[EventCountry "HUN"]
[SourceTitle "CBM 189 Extra"]
[Source "ChessBase"]
[SourceDate "2019.06.03"]
[SourceVersion "1"]
[SourceVersionDate "2019.06.03"]
[SourceQuality "1"]
[WhiteTeam "Decs 1990"]
[BlackTeam "Komlo"]
[WhiteTeamCountry "HUN"]
[BlackTeamCountry "HUN"]

1. e4 g6 2. d4 Bg7 3. Nc3 c5 4. Be3 Nc6 5. Nf3 d6 6. Qd2 cxd4 7. Nxd4 Nf6 8. f3 Bd7 9. g4 a6 10. h4 h6 11. 0-0-0 Rc8 12. Nxc6 Bxc6 13. Bh3 Bd7 14. e5 dxe5 15. g5 hxg5 16. hxg5 Bxh3 17. gxf6 Qxd2+ 18. Rxd2 Bxf6 19. Rdh2 Bg2 20. Rxh8+ Bxh8 21. Rxh8+ Kd7 22. Rh7 Ke6 23. Ne4 f5 24. Ng5+ Kd6 25. Rg7 f4 26. Rxg6+ Kd5 27. Bd2 Rh8 28. b3 Rh1+ 29. Kb2 Bxf3 30. Nxf3 e4 31. c4+ Kc5 32. Ba5 1-0

[Event "HUN-chT2 Charousek 1819"]
[Site "Hungary"]
[Date "2018.09.23"]
[Round "1.6"]
[White "Pergel, Laszlo"]
[Black "Nemeth, Attila Janos"]
[Result "1-0"]
[WhiteElo "2254"]
[BlackElo "2005"]
[PlyCount "47"]
[EventDate "2018.09.23"]
[EventType "team-tourn"]
[EventRounds "11"]
[EventCountry "HUN"]
[SourceTitle "CBM 189 Extra"]
[Source "ChessBase"]
[SourceDate "2019.06.03"]
[SourceVersion "1"]
[SourceVersionDate "2019.06.03"]
[SourceQuality "1"]
[WhiteTeam "Haladas Szombathely II"]
[BlackTeam "Komlo Banyasz"]
[WhiteTeamCountry "HUN"]
[BlackTeamCountry "HUN"]

1. e4 e6 2. d4 d5 3. Nd2 Nf6 4. e5 Nfd7 5. Bd3 c5 6. c3 Nc6 7. Ngf3 a5 8. 0-0 Be7 9. Re1 b6 10. Nf1 Ba6 11. Bxa6 Rxa6 12. c4 cxd4 13. cxd5 exd5 14. e6 Nc5 15. exf7+ Kxf7 16. Ng3 d3 17. Nf5 Bf6 18. Bf4 g6 19. Nh6+ Kg7 20. Ng4 Re8 21. Bh6+ Kf7 22. Nxf6 Rxe1+ 23. Qxe1 Qxf6 24. Ng5+ 1-0

[Event "HUN-chT2 Charousek 1718"]
[Site "Hungary"]
[Date "2018.02.18"]
[Round "6.8"]
[White "Makk, Robert"]
[Black "Nemeth, Attila Janos"]
[Result "1-0"]
[WhiteElo "2243"]
[BlackElo "2014"]
[PlyCount "117"]
[EventDate "2017.10.29"]
[EventType "team-tourn"]
[EventRounds "9"]
[EventCountry "HUN"]
[SourceTitle "EXT 2020"]
[Source "ChessBase"]
[SourceDate "2019.10.17"]
[SourceVersion "1"]
[SourceVersionDate "2019.10.17"]
[SourceQuality "1"]
[WhiteTeam "Szentgotthard Alsoszolnok"]
[BlackTeam "Komlo Banyasz"]
[WhiteTeamCountry "HUN"]
[BlackTeamCountry "HUN"]

1. e4 g6 2. d4 Bg7 3. Nf3 d6 4. Nc3 c6 5. a4 a5 6. Bc4 Nf6 7. Ba2 Na6 8. 0-0 0-0 9. h3 h6 10. Be3 Kh7 11. Qe2 Nb4 12. Bb3 b6 13. Rfd1 Ba6 14. Qe1 e6 15. Nd2 d5 16. e5 Nd7 17. Na2 c5 18. Nxb4 axb4 19. c3 bxc3 20. bxc3 f6 21. exf6 Bxf6 22. Nf3 Bb7 23. Bc1 Qe7 24. Qe3 Bg7 25. Re1 Rfe8 26. Bc2 e5 27. Rb1 Bc6 28. dxe5 Bxa4 29. Qd3 Bxc2 30. Qxc2 Qe6 31. Bf4 Ra6 32. Qd3 Ra4 33. Bg3 Ra3 34. Qd2 Nb8 35. h4 Rd8 36. h5 gxh5 37. Qb2 Ra6 38. Nh4 d4 39. cxd4 Rxd4 40. Qc2+ Kg8 41. Nf5 Rd7 42. Qe4 Bf8 43. Ne3 Nc6 44. f4 Nd4 45. f5 Qc6 46. Qxc6 Nxc6 47. e6 Rd4 48. f6 Re4 49. Nf5 Rxe1+ 50. Rxe1 c4 51. e7 Bxe7 52. fxe7 Nxe7 53. Rxe7 b5 54. Rb7 c3 55. Nd4 Ra2 56. Kh2 Ra4 57. Nxb5 Rb4 58. Rb8+ Kh7 59. Nxc3 1-0

[Event "HUN-chT2 Charousek 1516"]
[Site "Hungary"]
[Date "2016.03.20"]
[Round "7.9"]
[White "Nemeth, Attila Janos"]
[Black "Hitter, Gabriela"]
[Result "0-1"]
[WhiteElo "2048"]
[BlackElo "2040"]
[PlyCount "80"]
[EventDate "2015.10.18"]
[EventType "team-tourn"]
[EventRounds "9"]
[EventCountry "HUN"]
[SourceTitle "EXT 2017"]
[Source "ChessBase"]
[SourceDate "2016.10.25"]
[SourceVersion "1"]
[SourceVersionDate "2016.10.25"]
[SourceQuality "1"]
[WhiteTeam "Komlo"]
[BlackTeam "SZASTE"]
[WhiteTeamCountry "HUN"]
[BlackTeamCountry "HUN"]

1. d4 d5 2. c4 c6 3. Nc3 Nf6 4. Qa4 dxc4 5. Qxc4 b5 6. Qd3 Bb7 7. Nf3 g6 8. e4 Bg7 9. h4 a5 10. e5 Nd5 11. h5 Qd7 12. hxg6 hxg6 13. Rxh8+ Bxh8 14. Ng5 Nb4 15. Qb1 Qxd4 16. e6 f5 17. Be2 N8a6 18. Nf7 Bf6 19. g4 Bh4 20. Nd1 Qd5 21. gxf5 gxf5 22. Ne3 Qxe6 23. Bh5 Kd7 24. Qxf5 Qxf5 25. Nxf5 Bf6 26. Ne3 e6 27. Be2 Ke7 28. Nh6 Nc5 29. Kf1 Ne4 30. a3 Nd5 31. Bd3 Nc5 32. Bc2 Ba6 33. Nhg4 Bd4 34. Nxd5+ cxd5 35. Rb1 Rg8 36. f3 b4+ 37. Kg2 b3 38. Bd1 Bd3 39. Ra1 Bc2 40. Bxc2 bxc2 0-1

[Event "HUN-chT2 Charousek 1415"]
[Site "Hungary"]
[Date "2015.04.26"]
[Round "9"]
[White "Zoldi, Zoltan"]
[Black "Nemeth, Attila Janos"]
[Result "1-0"]
[WhiteElo "2145"]
[BlackElo "2019"]
[PlyCount "135"]
[EventDate "2014.10.12"]
[EventType "team-tourn"]
[EventRounds "9"]
[EventCountry "HUN"]
[SourceTitle "EXT 2016"]
[Source "ChessBase"]
[SourceDate "2015.10.08"]
[SourceVersion "1"]
[SourceVersionDate "2015.10.08"]
[SourceQuality "1"]
[WhiteTeam "Gyor Elektromos"]
[BlackTeam "Komlo"]
[WhiteTeamCountry "HUN"]
[BlackTeamCountry "HUN"]

1. Nf3 d5 2. c4 c6 3. d4 Nf6 4. Nc3 e6 5. e3 Bb4 6. Bd3 0-0 7. 0-0 Nbd7 8. Qc2 Re8 9. a3 Bxc3 10. Qxc3 Ne4 11. Qc2 f5 12. b4 g5 13. b5 g4 14. Ne1 Ndf6 15. a4 Kh8 16. Ba3 Rg8 17. Be2 Bd7 18. Nd3 Rg7 19. Ne5 Be8 20. Rac1 cxb5 21. cxb5 Nd7 22. Nd3 b6 23. Qc7 Nd2 24. Rfd1 Nc4 25. Bd6 Qxc7 26. Bxc7 Kg8 27. Nf4 Nf8 28. Be5 Nxe5 29. dxe5 Re7 30. Rc3 Ng6 31. Nxg6 hxg6 32. Rdc1 Kf8 33. f4 gxf3 34. gxf3 g5 35. f4 gxf4 36. exf4 Rd8 37. Kf2 Rh7 38. Kg2 Rdd7 39. Rg3 Rh4 40. Rc8 Rdh7 41. h3 Rxf4 42. Rg6 Rfh4 43. Rxe6 Re7 44. Rf6+ Kg7 45. Rxf5 Rxa4 46. Rg5+ Kh6 47. Rg8 Bf7 48. Rc6+ Kh7 49. Rg5 Ra2 50. Kf3 Ra3+ 51. Kf4 Be6 52. Bg4 Ra4+ 53. Kg3 Bxg4 54. hxg4 Rb4 55. Rd6 Rxb5 56. e6 Kh6 57. Rf5 Kg6 58. Re5 Rc5 59. Rd7 Kf6 60. Re2 Rc7 61. g5+ Kxg5 62. Rxc7 Rxc7 63. e7 Rc8 64. e8Q Rxe8 65. Rxe8 Kf5 66. Kf3 b5 67. Ra8 Ke5 68. Ke3 1-0

[Event "HUN-chT2 Charousek 1415"]
[Site "Hungary"]
[Date "2014.12.14"]
[Round "4"]
[White "Nemeth, Attila Janos"]
[Black "Nagybiro, Laszlo"]
[Result "1-0"]
[WhiteElo "2019"]
[BlackElo "2006"]
[PlyCount "87"]
[EventDate "2014.10.12"]
[EventType "team-tourn"]
[EventRounds "9"]
[EventCountry "HUN"]
[SourceTitle "EXT 2016"]
[Source "ChessBase"]
[SourceDate "2015.10.08"]
[SourceVersion "1"]
[SourceVersionDate "2015.10.08"]
[SourceQuality "1"]
[WhiteTeam "Komlo"]
[BlackTeam "Decs"]
[WhiteTeamCountry "HUN"]
[BlackTeamCountry "HUN"]

1. d4 Nf6 2. c4 g6 3. Nc3 d5 4. Nf3 Bg7 5. Bf4 0-0 6. e3 c5 7. dxc5 Qa5 8. Qd2 dxc4 9. Bxc4 Rd8 10. Qc2 Nd5 11. 0-0 Nxc3 12. bxc3 Qxc5 13. Qb3 e6 14. Ng5 Nc6 15. Rad1 Rxd1 16. Rxd1 Bf8 17. Ne4 Qf5 18. f3 h5 19. h3 Be7 20. g4 Qa5 21. Bd6 Bxd6 22. Rxd6 Qc7 23. Qa3 Qb6 24. Kf2 hxg4 25. hxg4 Qb1 26. Qc5 Qh1 27. Qg5 Qh2+ 28. Ke1 Qh1+ 29. Ke2 Qh2+ 30. Kd1 Qh1+ 31. Kc2 Qxf3 32. Nf6+ Kg7 33. Nh5+ Kh7 34. Bd3 Qf2+ 35. Kb3 a5 36. Nf4 a4+ 37. Ka3 Qxe3 38. Bxg6+ fxg6 39. Qxg6+ Kh8 40. Qf6+ Kg8 41. Nd3 Qe4 42. Nb4 Qe3 43. Rd1 Bd7 44. Rh1 1-0

[Event "HUN-chT2 Charousek 1415"]
[Site "Hungary"]
[Date "2014.11.16"]
[Round "2"]
[White "Bartha, Sandor"]
[Black "Nemeth, Attila Janos"]
[Result "0-1"]
[WhiteElo "2018"]
[BlackElo "2019"]
[PlyCount "68"]
[EventDate "2014.10.12"]
[EventType "team-tourn"]
[EventRounds "9"]
[EventCountry "HUN"]
[SourceTitle "EXT 2016"]
[Source "ChessBase"]
[SourceDate "2015.10.08"]
[SourceVersion "1"]
[SourceVersionDate "2015.10.08"]
[SourceQuality "1"]
[WhiteTeam "Balatonfuered"]
[BlackTeam "Komlo"]
[WhiteTeamCountry "HUN"]
[BlackTeamCountry "HUN"]

1. d4 Nf6 2. Nf3 d5 3. c4 c6 4. e3 dxc4 5. Bxc4 b5 6. Bb3 Bf5 7. 0-0 e6 8. a4 b4 9. Nbd2 a5 10. Re1 Ne4 11. Bc2 Nxd2 12. Bxd2 Bg4 13. Rc1 Qb6 14. Be4 f5 15. Bd3 Nd7 16. Qb3 Bxf3 17. Qxe6+ Kd8 18. gxf3 c5 19. Qxb6+ Nxb6 20. dxc5 Nxa4 21. c6 Kc7 22. Bxf5 g6 23. Bd7 Nxb2 24. Rc2 Nd3 25. Rb1 Bd6 26. e4 Rhb8 27. Be3 a4 28. Rd2 a3 29. Rxd3 a2 30. Ra1 b3 31. Rxd6 Kxd6 32. Bf4+ Ke7 33. Bxb8 Rxb8 34. c7 Rf8 0-1

[Event "Balaton op 32nd"]
[Site "Balatonboglar"]
[Date "2014.06.22"]
[Round "9"]
[White "Baliuniene, Margarita"]
[Black "Nemeth, Attila Janos"]
[Result "1-0"]
[WhiteElo "1957"]
[BlackElo "2041"]
[PlyCount "153"]
[EventDate "2014.06.14"]
[EventType "swiss"]
[EventRounds "9"]
[EventCountry "HUN"]
[SourceTitle "EXT 2015"]
[Source "ChessBase"]
[SourceDate "2014.11.20"]
[SourceVersion "1"]
[SourceVersionDate "2014.11.20"]
[SourceQuality "1"]

1. d4 Nf6 2. c4 e6 3. Nc3 Bb4 4. Nf3 c5 5. e3 0-0 6. Bd3 d6 7. Qc2 Nc6 8. 0-0 Bxc3 9. Qxc3 Qb6 10. b3 Bd7 11. Bb2 Qa5 12. Qc2 Nb4 13. Qd2 Qc7 14. Bb1 Rfe8 15. dxc5 dxc5 16. Be5 Qc8 17. Ng5 h6 18. Bxf6 hxg5 19. Bxg5 e5 20. Qe2 Bg4 21. f3 Bf5 22. Bxf5 Qxf5 23. Bh4 f6 24. a3 Nc6 25. Rad1 Rad8 26. Rd5 b6 27. Rfd1 Rxd5 28. cxd5 Nd8 29. e4 Qd7 30. Qc4 Nf7 31. Be1 Nd6 32. Qa6 Rc8 33. Rc1 Kf7 34. a4 Qb7 35. Qxb7+ Nxb7 36. Kf2 a6 37. Ke3 Ke7 38. f4 exf4+ 39. Kxf4 Nd6 40. h4 Kd7 41. Bg3 Re8 42. Re1 b5 43. axb5 axb5 44. e5 fxe5+ 45. Rxe5 Rf8+ 46. Kg4 Rf6 47. Rg5 g6 48. Be5 Rf2 49. Rxg6 Rxg2+ 50. Kh5 Rxg6 51. Kxg6 c4 52. bxc4 Nxc4 53. Bc3 Ne3 54. h5 Nxd5 55. h6 Nxc3 56. h7 b4 57. h8Q Kc6 58. Qd4 Kb5 59. Kf5 Ka4 60. Ke5 Ka3 61. Qc4 Na4 62. Qc1+ Ka2 63. Qc2+ Ka3 64. Kd4 b3 65. Qd3 Kb4 66. Qd2+ Ka3 67. Kc4 Nb6+ 68. Kb5 b2 69. Qc2 Ka2 70. Kxb6 Ka1 71. Qa4+ Kb1 72. Kc5 Kc1 73. Qc4+ Kd2 74. Qb3 Kc1 75. Qc3+ Kb1 76. Kb4 Ka2 77. Qa3+ 1-0

[Event "HUN-chT2 Asztalos 1011"]
[Site "Hungary"]
[Date "2011.04.10"]
[Round "8.5"]
[White "Suranyi, Pal"]
[Black "Nemeth, Attila Janos"]
[Result "1-0"]
[WhiteElo "2131"]
[BlackElo "2116"]
[PlyCount "95"]
[EventDate "2010.09.12"]
[EventType "team-tourn"]
[EventRounds "11"]
[EventCountry "HUN"]
[SourceTitle "EXT 2012"]
[Source "ChessBase"]
[SourceDate "2011.11.24"]
[SourceVersion "1"]
[SourceVersionDate "2011.11.24"]
[SourceQuality "1"]
[WhiteTeam "Szekesfehervar"]
[BlackTeam "Komlo"]
[WhiteTeamCountry "HUN"]
[BlackTeamCountry "HUN"]

1. d4 Nf6 2. c4 e6 3. Nc3 Bb4 4. a3 Bxc3+ 5. bxc3 h6 6. e3 d6 7. Nf3 Qe7 8. Be2 e5 9. 0-0 0-0 10. c5 e4 11. cxd6 cxd6 12. Nd2 Bf5 13. c4 Rc8 14. a4 Nc6 15. a5 b6 16. axb6 axb6 17. Rxa8 Rxa8 18. Qb3 Qc7 19. Bb2 Nd7 20. Nb1 Na5 21. Qb5 Be6 22. Rc1 Rc8 23. Nd2 Nf6 24. h3 Qd8 25. d5 Bf5 26. Bxf6 gxf6 27. Rb1 Rb8 28. Qb2 Qe7 29. Qd4 Bg6 30. Rxb6 Rxb6 31. Qxb6 Nb7 32. Nb3 f5 33. Qa7 Qc7 34. c5 dxc5 35. Ba6 c4 36. Nc1 Qa5 37. Qxb7 Qe1+ 38. Kh2 Qxf2 39. Qc8+ Kh7 40. Qxc4 Qxe3 41. Ne2 Qg5 42. Qc7 f4 43. Nxf4 h5 44. Nxg6 Kxg6 45. Qg3 f6 46. Qxg5+ fxg5 47. Kg3 Kf5 48. Bc4 1-0

[Event "HUN-chT2 Asztalos 1011"]
[Site "Hungary"]
[Date "2010.11.21"]
[Round "6.5"]
[White "Kiss, Arpad"]
[Black "Nemeth, Attila Janos"]
[Result "0-1"]
[WhiteElo "2153"]
[BlackElo "2116"]
[PlyCount "92"]
[EventDate "2010.09.12"]
[EventType "team-tourn"]
[EventRounds "11"]
[EventCountry "HUN"]
[SourceTitle "EXT 2012"]
[Source "ChessBase"]
[SourceDate "2011.11.24"]
[SourceVersion "1"]
[SourceVersionDate "2011.11.24"]
[SourceQuality "1"]
[WhiteTeam "Mohacs"]
[BlackTeam "Komlo"]
[WhiteTeamCountry "HUN"]
[BlackTeamCountry "HUN"]

1. d4 f5 2. c4 e6 3. Nc3 Nf6 4. e3 b6 5. Nf3 Bb7 6. Be2 Bb4 7. Bd2 0-0 8. a3 Bxc3 9. Bxc3 Ne4 10. Rc1 d6 11. 0-0 Nd7 12. Nd2 Qg5 13. Nxe4 fxe4 14. Bg4 Rf6 15. d5 Rg6 16. Bxe6+ Kh8 17. g3 Ne5 18. Bxe5 Qxe5 19. Qd4 Rxe6 20. dxe6 Qxe6 21. Rce1 Rf8 22. f4 exf3 23. e4 Qg4 24. Qe3 h5 25. Kh1 h4 26. Qf2 Bxe4 27. Rg1 h3 28. Re3 c6 29. Rd1 d5 30. cxd5 cxd5 31. Kg1 Rc8 32. Rc3 Rxc3 33. bxc3 Kh7 34. Rd4 Qg5 35. Qd2 Qe7 36. c4 Qxa3 37. cxd5 f2+ 38. Kxf2 Qf3+ 39. Ke1 Qh1+ 40. Ke2 Qxh2+ 41. Ke3 Qxg3+ 42. Kxe4 h2 43. Qd1 Qg2+ 44. Ke5 h1Q 45. Qd3+ Qg6 46. Rh4+ Qxh4 0-1

[Event "HUN-chT2 Asztalos 1011"]
[Site "Hungary"]
[Date "2010.10.24"]
[Round "4.5"]
[White "Holczl, Attila"]
[Black "Nemeth, Attila Janos"]
[Result "1-0"]
[WhiteElo "1982"]
[BlackElo "2116"]
[PlyCount "147"]
[EventDate "2010.09.12"]
[EventType "team-tourn"]
[EventRounds "11"]
[EventCountry "HUN"]
[SourceTitle "EXT 2012"]
[Source "ChessBase"]
[SourceDate "2011.11.24"]
[SourceVersion "1"]
[SourceVersionDate "2011.11.24"]
[SourceQuality "1"]
[WhiteTeam "Dombovar"]
[BlackTeam "Komlo"]
[WhiteTeamCountry "HUN"]
[BlackTeamCountry "HUN"]

1. d4 Nf6 2. Nf3 e6 3. Bf4 b6 4. e3 Bb7 5. Nbd2 Be7 6. Bd3 Nh5 7. Bg3 Nxg3 8. hxg3 c5 9. c3 cxd4 10. exd4 h6 11. Qe2 a5 12. a3 Nc6 13. g4 Qc7 14. g5 h5 15. g4 h4 16. g6 Qf4 17. gxf7+ Kxf7 18. Qe4 Qxe4+ 19. Bxe4 d5 20. Bd3 g5 21. Bb5 Kf6 22. Bxc6 Bxc6 23. Ne5 Be8 24. f4 gxf4 25. 0-0 Kg5 26. Kh2 Bg6 27. Rf2 h3 28. Raf1 Raf8 29. Rxf4 Rxf4 30. Rxf4 Bd6 31. Kg3 Bxe5 32. Nf3+ Kh6 33. dxe5 Kg7 34. Kh2 Be4 35. Ng5 Kg6 36. Nxe6 Rh4 37. Rf6+ Kh7 38. Rf7+ Kh8 39. Nf4 Rxg4 40. Kxh3 Rg5 41. e6 Kg8 42. Kh4 Re5 43. Rb7 d4 44. cxd4 Bxb7 45. dxe5 Kf8 46. Kg5 Ke7 47. Kf5 Bc6 48. Ng6+ Ke8 49. Kf6 Bf3 50. Nh8 Bh5 51. Nf7 a4 52. Nd6+ Kd8 53. Kg7 Ke7 54. Kh6 Bd1 55. Kg5 Kxe6 56. Kf4 Bc2 57. Nb5 Bd3 58. Nc3 Bc2 59. Ne2 Kd5 60. e6 Kd6 61. Nd4 Bd3 62. Ke3 Bf1 63. Kd2 Bc4 64. Kc3 Bxe6 65. Nxe6 Kxe6 66. Kb4 Kd6 67. Kxa4 Kc5 68. b3 Kc6 69. Kb4 Kc7 70. Kb5 Kb7 71. a4 Kc7 72. Ka6 Kc6 73. b4 b5 74. a5 1-0

[Event "HUN-chT2 Asztalos 0809"]
[Site "Hungary"]
[Date "2009.04.19"]
[Round "11"]
[White "Nemeth, Attila Janos"]
[Black "Gyugyi, Peter"]
[Result "1/2-1/2"]
[WhiteElo "2079"]
[BlackElo "2088"]
[PlyCount "96"]
[EventDate "2008.10.26"]
[EventType "team-tourn"]
[EventRounds "11"]
[EventCountry "HUN"]
[SourceTitle "EXT 2010"]
[Source "ChessBase"]
[SourceDate "2010.11.25"]
[SourceVersion "1"]
[SourceVersionDate "2010.11.25"]
[SourceQuality "1"]
[WhiteTeam "Pannonpower II"]
[BlackTeam "Nagyatad"]
[WhiteTeamCountry "HUN"]
[BlackTeamCountry "HUN"]

1. d4 Nf6 2. c4 c5 3. Nc3 cxd4 4. Qxd4 Nc6 5. Qd1 g6 6. e4 d6 7. Be2 Bg7 8. Nf3 0-0 9. 0-0 Bd7 10. h3 Rc8 11. Be3 b6 12. Rc1 Na5 13. Nd2 e5 14. a3 Ne8 15. b4 Nc6 16. Nb3 Be6 17. Nd5 f5 18. f3 f4 19. Bf2 Ne7 20. Qd2 Nxd5 21. cxd5 Rxc1 22. Rxc1 Bd7 23. Qc3 g5 24. Ba6 h5 25. Bb7 g4 26. hxg4 hxg4 27. Kf1 g3 28. Bg1 Qh4 29. Bc6 Bc8 30. Bxe8 Rxe8 31. a4 Bd7 32. b5 Rc8 33. Qd2 Qd8 34. Ke2 Bf6 35. Kd3 Rxc1 36. Nxc1 Qc8 37. Qc3 Bd8 38. Qxc8 Bxc8 39. Nb3 Kf7 40. Kc3 Ke7 41. Kb4 Kd7 42. Nd2 Bb7 43. Nc4 Bc7 44. a5 bxa5+ 45. Nxa5 Bxa5+ 46. Kxa5 Kc7 47. Bxa7 Bc8 48. Bg1 Kb7 1/2-1/2

[Event "HUN-chT2 Asztalos 0809"]
[Site "Hungary"]
[Date "2009.02.22"]
[Round "8"]
[White "Nemeth, Attila Janos"]
[Black "Molnar, Tamas"]
[Result "0-1"]
[WhiteElo "2079"]
[BlackElo "1995"]
[PlyCount "124"]
[EventDate "2008.10.26"]
[EventType "team-tourn"]
[EventRounds "11"]
[EventCountry "HUN"]
[SourceTitle "EXT 2010"]
[Source "ChessBase"]
[SourceDate "2010.11.25"]
[SourceVersion "1"]
[SourceVersionDate "2010.11.25"]
[SourceQuality "1"]
[WhiteTeam "Pannonpower II"]
[BlackTeam "Tamasi Szabadido"]
[WhiteTeamCountry "HUN"]
[BlackTeamCountry "HUN"]

1. d4 Nf6 2. c4 Nc6 3. Nc3 e5 4. d5 Ne7 5. e4 Ng6 6. Be3 Bb4 7. Bd3 Bxc3+ 8. bxc3 d6 9. c5 0-0 10. h3 Qe7 11. cxd6 cxd6 12. Ne2 Nh5 13. Qd2 Bd7 14. Rb1 b6 15. g3 Rac8 16. Ba6 Rc7 17. Rb4 Bc8 18. Bd3 Nf6 19. a4 Nd7 20. h4 Qd8 21. h5 Ne7 22. f4 exf4 23. Bxf4 Nc5 24. Nd4 f5 25. Nxf5 Nxf5 26. exf5 Nxd3+ 27. Qxd3 Bxf5 28. Qd4 Re8+ 29. Kf2 Re4 30. Qd1 Rxb4 31. cxb4 Rc2+ 32. Kg1 Qe8 33. Rh2 Qxa4 34. Rxc2 Qxc2 35. Qe1 Be4 36. Qd2 Qxd2 37. Bxd2 Kf7 38. Kf2 Bxd5 39. h6 gxh6 40. Bxh6 a5 41. bxa5 bxa5 42. Bc1 Kf6 43. Ke3 a4 44. Ba3 Ke5 45. Bb2+ Ke6 46. Ba3 Bb3 47. Kd4 d5 48. Ke3 Kf5 49. Bb2 Kg4 50. Kf2 Bd1 51. Bc3 a3 52. Ba1 Bc2 53. Bc3 Kf5 54. Ke3 Ke6 55. Kd4 Bb3 56. Ba1 Kd6 57. Kc3 Bc4 58. Kb4 a2 59. Kc3 Ke5 60. Kd2+ Ke4 61. Ke1 Kd3 62. Kd1 d4 0-1

[Event "HUN-chT2 Charousek 0809"]
[Site "Hungary"]
[Date "2008.11.02"]
[Round "2"]
[White "Nemeth, Attila Janos"]
[Black "Samu, Ferenc"]
[Result "1/2-1/2"]
[WhiteElo "2079"]
[BlackElo "2106"]
[PlyCount "112"]
[EventDate "2008.10.26"]
[EventType "team-tourn"]
[EventRounds "11"]
[EventCountry "HUN"]
[SourceTitle "EXT 2010"]
[Source "ChessBase"]
[SourceDate "2010.11.25"]
[SourceVersion "1"]
[SourceVersionDate "2010.11.25"]
[SourceQuality "1"]
[WhiteTeam "Pannonpower"]
[BlackTeam "Tapolca"]
[WhiteTeamCountry "HUN"]
[BlackTeamCountry "HUN"]

1. d4 Nf6 2. c4 e6 3. Nf3 d5 4. Nc3 Be7 5. Bg5 0-0 6. e3 c6 7. Bxf6 Bxf6 8. Qb3 Nd7 9. Be2 b6 10. 0-0 Bb7 11. cxd5 cxd5 12. Rac1 Qe7 13. Rc2 Rfc8 14. Rfc1 g6 15. Nb5 Rxc2 16. Rxc2 a5 17. Rc7 Ba6 18. Qc3 Qd8 19. Bf1 Nc5 20. Rc6 Qd7 21. Rxb6 Na4 22. Qxa5 Nxb6 23. Qxb6 Bd8 24. Ne5 Qxb5 25. Qxb5 Bxb5 26. Bxb5 Rxa2 27. b3 Rb2 28. g3 Rxb3 29. Be8 Rb7 30. Kg2 Kf8 31. Bc6 Rb2 32. Ba4 Ba5 33. Nd3 Ra2 34. Bb5 Ke7 35. h4 f6 36. Nf4 Kd6 37. Be8 Ke7 38. Bc6 Bc7 39. Nd3 Kd6 40. Be8 Rd2 41. Ne1 e5 42. Nf3 Rc2 43. Ba4 Ra2 44. Bb5 exd4 45. Nxd4 Bb6 46. Ne2 Bxe3 47. fxe3 Kc5 48. Kf3 Rd2 49. Be8 Kd6 50. h5 gxh5 51. Bxh5 Ke5 52. Bf7 Ra2 53. Nf4 Rd2 54. Bxd5 Rxd5 55. Nxd5 Kxd5 56. Kf4 Ke6 1/2-1/2